000 nam a22 7a 4500
999 _c10738
_d10738
008 180222b ||||| |||| 00| 0 eng d
100 _aKhanna,A.L.etal.
_96588
245 _aA Graded English Grammar & Composition-4
260 _aNew Delhi
_bKohinoor
_c2010